000 00389nam a22001457a 4500
005 20200607122416.0
008 200607b xxu||||| |||| 00| 0 eng d
082 _a345.4
110 _aALL INDIA REPORTER
_95832
245 _aALL INDIA REPORTER , 1968 (v-55) ALLAHABAD SECTION
260 _aMUMBAI
_bALL INDIA REPORTER PVT, LTD.
300 _a384;p
650 _aLAW
_95701
942 _cJRL
999 _c6900
_d6898